000 00808nam a2200253Ia 4500
005 20211111074631.0
008 130821s2006 sp gr spa
020 _a8497256972
040 _aCo-BoUCM
_bspa
041 0 0 _aspa
100 1 _aGallego Cócoles, Isabel
_9163558
245 1 3 _aEl dereho de reversión en la exportación forzosa
_cIsabel Gallego Córcoles
260 _aMadrid (España)
_bWolters Kluwer
_c2006
300 _a828 páginas
504 _aIncluye bibliografía
650 0 4 _aConfiscaciones
_911559
650 0 4 _aDerecho privado
_9437
650 0 4 _aDerecho público
_912826
650 0 4 _aExpropiación forzosa
_915476
650 0 4 _aExpropiación
_915475
650 0 4 _aPropiedad
_922576
942 _cLIBRO
_a8
_e1
_mG166d
_2DEWEY
_h343.025
999 _c53025
_d53025